| 000 | 00697nam a2200181 a 4500 | ||
|---|---|---|---|
| 001 | 000045613 | ||
| 005 | 20201002052339.0 | ||
| 008 | 150416s1976 dr a 000 0 spa d | ||
| 040 |
_aDO-SdBNP _bspa _cBNPHU |
||
| 082 |
_axxxx _bxxxx |
||
| 100 | 1 |
_aCicerón, Marcos Tulio _964783 |
|
| 245 | 1 | 4 |
_aLos deberes / _cMarco Tulio Cicerón ; traducción del latín, estudio preliminar y notas, Francisco Samaranch. |
| 260 |
_aSanto Domingo : _aSan Juan, Puerto Rico : _bUniversitaria, Universidad de Puerto Rico, _bCorripio, _c1976. |
||
| 300 |
_a247 p. ; _c19 cm. |
||
| 490 | 1 | _aBiblioteca de cultura básica | |
| 700 | 1 | 2 |
_aSamaranch, Francisco, _etr. _973681 |
| 830 | 0 |
_aBiblioteca de cultura básica _973682 |
|
| 999 |
_c45102 _d45102 |
||